000 00345nam a2200145Ia 4500
005 20251222144754.0
008 251222s9999||||xx |||||||||||||| ||spa||
020 _a8420631183
082 _a864/S17
100 _aSalinas, Soledad
245 0 _aPedro Salinas el Defensor
250 _a1ra.ed.
264 _bAlianza Editorial,S..
942 _cLIB
999 _c19459
_d19459